000 00808nam a22002415i 4500
001 176313
003 ES-MaACL
005 20250804050950.0
008 110107s1972 sp |||| | spa d
080 _a334.012.3
080 _a323.172
100 1 _aProudhon, Pierre-Joseph.
_994052
245 1 0 _aPropiedad y federación /
_cP. J. Proudhon ; estudio, notas y comentarios de texto por Carlos Díaz.
260 _aMadrid :
_bNarcea,
_cD. L. 1972.
300 _a279 p. ;
_c18 cm.
490 1 _aBitácora. Biblioteca del estudiante ;
_v29
650 0 4 _aPropiedad.
_916476
650 0 4 _aFederalismo
_912738
700 1 _aDíaz, Carlos,
_d1944-
_944113
830 0 _aBitácora. Biblioteca del estudiante ;
_v29
_9181903
852 _aES-MaACL
_jE-13961
_xOlim P-1892
999 _c176313
_d176313